[Event "AUT-chT2M 2324"]
[Site "Austria"]
[Date "2023.12.03"]
[Round "5.6"]
[White "Matosec, Thomas"]
[Black "Wiesinger, Robert"]
[Result "0-1"]
[WhiteElo "2071"]
[BlackElo "2166"]
[PlyCount "44"]
[EventDate "2023.11.03"]
[EventType "team-tourn"]
[EventRounds "11"]
[EventCountry "AUT"]
[SourceTitle "CB16_2024"]
[SourceDate "2024.04.17"]
[SourceVersion "1"]
[SourceVersionDate "2024.04.17"]
[SourceQuality "1"]
[WhiteTeam "Graz Styria"]
[BlackTeam "Steyregg"]
[WhiteTeamCountry "AUT"]
[BlackTeamCountry "AUT"]

1. e4 e5 2. Nf3 Nc6 3. Nc3 Nf6 4. h3 d5 5. exd5 Nxd5 6. Bb5 Nxc3 7. bxc3 Bd6 8. 0-0 0-0 9. d4 exd4 10. cxd4 h6 11. Re1 Qf6 12. c4 Bf5 13. Be3 Bb4 14. Rf1 Bc3 15. g4 Bh7 16. Bxc6 bxc6 17. Rc1 Bb2 18. Ne5 Bxc1 19. Qxc1 c5 20. Nd7 Qf3 21. Kh2 cxd4 22. Bxh6 Be4 0-1

[Event "St Veit op 42nd"]
[Site "St Veit"]
[Date "2023.07.14"]
[Round "8"]
[White "Matosec, Thomas"]
[Black "Merei, David"]
[Result "1-0"]
[WhiteElo "2051"]
[BlackElo "1929"]
[PlyCount "43"]
[EventDate "2023.07.08"]
[EventType "swiss"]
[EventRounds "9"]
[EventCountry "AUT"]
[SourceTitle "CBM 215 Extra"]
[Source "ChessBase"]
[SourceDate "2023.09.30"]
[SourceVersion "1"]
[SourceVersionDate "2023.09.30"]
[SourceQuality "1"]

1. Nf3 d5 2. g3 Nf6 3. Bg2 e6 4. 0-0 Be7 5. c4 c6 6. b3 0-0 7. Bb2 b6 8. d4 Bb7 9. Nc3 dxc4 10. bxc4 c5 11. d5 exd5 12. Nh4 Qc8 13. cxd5 Rd8 14. e4 Nbd7 15. f4 c4 16. e5 Ne8 17. Nf5 Bf8 18. Qg4 Kh8 19. Ne4 Nc5 20. Ng5 Qd7 21. Nh6 Qxg4 22. Ngxf7# 1-0

[Event "St Veit op 42nd"]
[Site "St Veit"]
[Date "2023.07.08"]
[Round "1"]
[White "Gogniat, Michel"]
[Black "Matosec, Thomas"]
[Result "0-1"]
[WhiteElo "1840"]
[BlackElo "2051"]
[PlyCount "112"]
[EventDate "2023.07.08"]
[EventType "swiss"]
[EventRounds "9"]
[EventCountry "AUT"]
[SourceTitle "CBM 215 Extra"]
[Source "ChessBase"]
[SourceDate "2023.09.30"]
[SourceVersion "1"]
[SourceVersionDate "2023.09.30"]
[SourceQuality "1"]

1. d4 f5 2. Bg5 h6 3. Bh4 g5 4. Bg3 Bg7 5. e3 c5 6. c3 Qb6 7. Qc2 d5 8. Nf3 Nc6 9. dxc5 Qxc5 10. Bd3 e6 11. Nbd2 Nf6 12. Nb3 Qe7 13. Ne5 Nxe5 14. Bxe5 Bd7 15. Nd4 a6 16. Rc1 Ng4 17. Bxg7 Qxg7 18. Qb3 Ne5 19. Be2 0-0 20. Qb6 Nc6 21. 0-0 Rab8 22. Nb3 Rfc8 23. Nc5 Nd8 24. Nxd7 Qxd7 25. Qd4 b5 26. h3 Qg7 27. f4 Nc6 28. Qxg7+ Kxg7 29. g4 Ne7 30. Bd3 Rf8 31. Rf2 fxg4 32. hxg4 gxf4 33. exf4 Rf6 34. Rcf1 Rbf8 35. Kg2 d4 36. cxd4 Rd8 37. g5 hxg5 38. fxg5 Rxf2+ 39. Rxf2 Rxd4 40. Rf3 Nc6 41. Bc2 Ne5 42. Rf2 Rg4+ 43. Kf1 Rxg5 44. Bb3 Nd3 45. Rc2 Nc5 46. Rc3 Kf6 47. Bc2 b4 48. Rc4 a5 49. Kf2 Rd5 50. Ke3 Nd7 51. Rf4+ Ke7 52. Bb3 Re5+ 53. Kd3 Nc5+ 54. Kd4 Kd6 55. Bc4 Re1 56. Rf8 Re4# 0-1

[Event "Graz op-A"]
[Site "Graz"]
[Date "2020.02.15"]
[Round "2"]
[White "Matosec, Thomas"]
[Black "Lim, Zhuo Ren"]
[Result "0-1"]
[WhiteElo "2071"]
[BlackElo "2296"]
[PlyCount "100"]
[EventDate "2020.02.14"]
[EventType "swiss"]
[EventRounds "9"]
[EventCountry "AUT"]
[SourceTitle "CBM 195 Extra"]
[Source "ChessBase"]
[SourceDate "2020.05.31"]
[SourceVersion "1"]
[SourceVersionDate "2020.05.31"]
[SourceQuality "1"]

1. e4 c5 2. Nc3 d6 3. f4 Nc6 4. Nf3 g6 5. Bb5 Bd7 6. a4 Bg7 7. 0-0 Nf6 8. d3 0-0 9. h3 a6 10. Bc4 Nd4 11. Nxd4 cxd4 12. Nd5 Nxd5 13. Bxd5 e6 14. Bb3 Kh8 15. Bd2 a5 16. Bc4 Qe8 17. b4 Bxa4 18. bxa5 Bc6 19. Bb4 Qd7 20. Qe1 Rfe8 21. Bb3 f5 22. e5 dxe5 23. fxe5 Bd5 24. Bd6 Bxb3 25. cxb3 Qb5 26. b4 Qxd3 27. Rd1 Qe3+ 28. Kh1 Rec8 29. Qh4 Rc2 30. Rfe1 Qc3 31. Qxd4 Qg3 32. Qg1 Rac8 33. Rc1 Bh6 34. Rxc2 Rxc2 35. Rf1 Bf4 36. Rf3 Qh4 37. Be7 g5 38. Bf6+ Kg8 39. Rd3 Rc1 40. Rd1 Rc3 41. Qf1 Qg3 42. Qg1 Qh4 43. Qf1 Kf7 44. b5 Kg6 45. a6 bxa6 46. bxa6 Qg3 47. Qg1 Ra3 48. Rf1 Qh4 49. Rf2 Be3 50. g3 Qe4+ 0-1

[Event "Steyr Landesliga 1920"]
[Site "Austria"]
[Date "2020.02.08"]
[Round "8.5"]
[White "Kristoferitsch, Daniel"]
[Black "Matosec, Thomas"]
[Result "1/2-1/2"]
[WhiteElo "2086"]
[BlackElo "2086"]
[PlyCount "29"]
[EventDate "2019.09.28"]
[EventType "team-tourn"]
[EventRounds "11"]
[EventCountry "AUT"]
[SourceTitle "CBM 195 Extra"]
[Source "ChessBase"]
[SourceDate "2020.05.31"]
[SourceVersion "1"]
[SourceVersionDate "2020.05.31"]
[SourceQuality "1"]
[WhiteTeam "Graz Schachfreunde"]
[BlackTeam "Graz Styria"]
[WhiteTeamCountry "AUT"]
[BlackTeamCountry "AUT"]

1. d4 f5 2. Nc3 Nf6 3. Bg5 d5 4. f3 c5 5. e4 Nc6 6. Bxf6 exf6 7. exd5 Nxd4 8. Nge2 Qe7 9. Qd2 Bd7 10. 0-0-0 Nxe2+ 11. Bxe2 0-0-0 12. g4 fxg4 13. fxg4 Qe5 14. Kb1 Bd6 15. Bf3 1/2-1/2

[Event "Steyr Landesliga 1819"]
[Site "Austria"]
[Date "2019.03.23"]
[Round "10.3"]
[White "Matosec, Thomas"]
[Black "Mitter, Gerd"]
[Result "1/2-1/2"]
[WhiteElo "2165"]
[BlackElo "2218"]
[PlyCount "157"]
[EventDate "2018.10.06"]
[EventType "team-tourn"]
[EventRounds "11"]
[EventCountry "AUT"]
[SourceTitle "CBM 189 Extra"]
[Source "ChessBase"]
[SourceDate "2019.06.03"]
[SourceVersion "1"]
[SourceVersionDate "2019.06.03"]
[SourceQuality "1"]
[WhiteTeam "Graz Styria"]
[BlackTeam "Trofaiach Niklasdorf"]
[WhiteTeamCountry "AUT"]
[BlackTeamCountry "AUT"]

1. e4 c5 2. Nf3 d6 3. d4 cxd4 4. Nxd4 Nf6 5. Nc3 Nc6 6. Bg5 e6 7. Qd2 a6 8. Nxc6 bxc6 9. 0-0-0 Be7 10. Bxf6 gxf6 11. Bc4 Qa5 12. Kb1 h5 13. Rhe1 Bd7 14. f4 Qb4 15. Bb3 c5 16. a3 Qb7 17. e5 fxe5 18. fxe5 d5 19. Ka1 Rb8 20. Rb1 c4 21. Ba4 Bxa4 22. Nxa4 Qc6 23. Nc3 Qc5 24. Ne2 Rg8 25. Nd4 c3 26. Qxc3 Rxg2 27. Qxc5 Bxc5 28. Re2 Rg4 29. Nb3 Bf8 30. Rf1 Rc8 31. c3 Bg7 32. Nd4 Rg5 33. Nf3 Rf5 34. Rg1 Bh8 35. Re3 Ke7 36. Ka2 f6 37. Nh4 Rf2 38. Ng6+ Kf7 39. Nxh8+ Rxh8 40. h4 Rb8 41. Rb1 Rb6 42. Ree1 Rh2 43. Rf1 f5 44. Rf4 Re2 45. a4 Rxe5 46. b4 Re3 47. c4 dxc4 48. Rxc4 e5 49. a5 Rd6 50. Rc7+ Ke6 51. Rh7 f4 52. Rh6+ Kd7 53. Rxh5 f3 54. Rh7+ Kd8 55. Rg1 Rd2+ 56. Kb1 Rb3+ 57. Kc1 Rd7 58. Rh8+ Kc7 59. Rh5 e4 60. Rc5+ Kb7 61. Rf1 Rxb4 62. h5 Rb5 63. Rc4 Rc7 64. Rxc7+ Kxc7 65. h6 Rh5 66. Kd2 Rxh6 67. Ke3 Rh4 68. Rb1 Rg4 69. Rb6 Rg1 70. Rf6 Re1+ 71. Kf2 Re2+ 72. Kf1 Kd7 73. Rxa6 Ke7 74. Rb6 Ra2 75. Rb4 Ra1+ 76. Kf2 Ra2+ 77. Kf1 Ra1+ 78. Kf2 Ra2+ 79. Kf1 1/2-1/2

[Event "Steyr Landesliga 1718"]
[Site "Austria"]
[Date "2018.04.14"]
[Round "11.3"]
[White "Matosec, Thomas"]
[Black "Krebs, Johann"]
[Result "0-1"]
[WhiteElo "2117"]
[BlackElo "2248"]
[PlyCount "96"]
[EventDate "2017.09.30"]
[EventType "team-tourn"]
[EventRounds "11"]
[EventCountry "AUT"]
[SourceTitle "EXT 2021"]
[Source "ChessBase"]
[SourceDate "2020.10.23"]
[SourceVersion "1"]
[SourceVersionDate "2020.10.23"]
[SourceQuality "1"]
[WhiteTeam "Graz Styria"]
[BlackTeam "Frauental Strassenbahn"]
[WhiteTeamCountry "AUT"]
[BlackTeamCountry "AUT"]

1. e4 c5 2. Nc3 Nc6 3. Bb5 g6 4. Bxc6 bxc6 5. d3 Bg7 6. Be3 Rb8 7. Rb1 Rxb2 8. Nge2 Rxb1 9. Qxb1 d6 10. Qb8 Qd7 11. 0-0 Nf6 12. e5 Nd5 13. Nxd5 cxd5 14. exd6 d4 15. Bg5 f6 16. Bd2 0-0 17. dxe7 Qxe7 18. Re1 Bg4 19. Qb3+ Qf7 20. Ng3 c4 21. Qa3 c3 22. Bf4 Re8 23. Rxe8+ Qxe8 24. f3 g5 25. fxg4 gxf4 26. Ne4 h5 27. h3 hxg4 28. hxg4 Qd7 29. Qb3+ Kh7 30. g5 f5 31. Nc5 Qd6 32. Ne6 f3 33. Kf2 fxg2 34. Kxg2 Qc6+ 35. Kf2 Be5 36. Nd8 Qe8 37. Qd5 Kg6 38. Ne6 Qh8 39. Qg2 Qh4+ 40. Kf1 Qh5 41. Ke1 Qg4 42. Kf2 Qd1 43. Nf8+ Kf7 44. Qd5+ Kxf8 45. Qxe5 Qxc2+ 46. Kg1 Qd1+ 47. Kf2 Qd2+ 48. Kf1 Qxd3+ 0-1

[Event "Schilcherland op 1st"]
[Site "Deutschlandsberg"]
[Date "2018.01.03"]
[Round "6"]
[White "Kantane, Anna"]
[Black "Matosec, Thomas"]
[Result "1-0"]
[WhiteElo "2243"]
[BlackElo "2123"]
[PlyCount "73"]
[EventDate "2017.12.29"]
[EventType "swiss"]
[EventRounds "9"]
[EventCountry "AUT"]
[SourceTitle "CBM 182 Extra"]
[Source "ChessBase"]
[SourceDate "2018.02.23"]
[SourceVersion "1"]
[SourceVersionDate "2018.02.23"]
[SourceQuality "1"]

1. e4 e5 2. Nf3 Nc6 3. Bb5 a6 4. Ba4 Nf6 5. Bxc6 dxc6 6. d3 Bc5 7. Nbd2 0-0 8. Nc4 Re8 9. Bg5 h6 10. Bh4 Bg4 11. h3 Bxf3 12. Qxf3 Re6 13. g4 b5 14. Ne3 Bxe3 15. fxe3 Qd6 16. 0-0-0 c5 17. Rhg1 Qc6 18. g5 hxg5 19. Rxg5 c4 20. Kb1 Rd8 21. Qg3 cxd3 22. Rxg7+ Kf8 23. cxd3 Rxd3 24. Rg1 Qxe4 25. Ka1 Red6 26. Rg8+ Ke7 27. Bxf6+ Rxf6 28. Qg7 Qf3 29. Qf8+ Ke6 30. Qc8+ Rd7 31. Re8+ Kd6 32. Qxa6+ c6 33. Qa3+ Kc7 34. Qa7+ Kd6 35. Qb8+ Rc7 36. Rd8+ Ke6 37. Qxc7 1-0

[Event "Steyr Landesliga 1718"]
[Site "Austria"]
[Date "2017.11.18"]
[Round "5.5"]
[White "Rattinger, Thomas"]
[Black "Matosec, Thomas"]
[Result "1/2-1/2"]
[WhiteElo "1936"]
[BlackElo "2117"]
[PlyCount "110"]
[EventDate "2017.09.30"]
[EventType "team-tourn"]
[EventRounds "11"]
[EventCountry "AUT"]
[SourceTitle "EXT 2019"]
[Source "ChessBase"]
[SourceDate "2018.10.10"]
[SourceVersion "1"]
[SourceVersionDate "2018.10.10"]
[SourceQuality "1"]
[WhiteTeam "Ratten Krieglach"]
[BlackTeam "Graz Styria"]
[WhiteTeamCountry "AUT"]
[BlackTeamCountry "AUT"]

1. e4 e5 2. Nf3 Nc6 3. Bc4 Nf6 4. d3 Bc5 5. c3 d6 6. 0-0 a6 7. a4 0-0 8. h3 Ba7 9. Na3 Ne7 10. Nc2 Ng6 11. Be3 Bxe3 12. Nxe3 Nf4 13. Kh2 c6 14. Bb3 h6 15. Ng1 d5 16. g3 Ng6 17. Qc2 Be6 18. Rad1 Qb6 19. exd5 cxd5 20. d4 e4 21. f4 exf3 22. Nxf3 Qd6 23. Nf5 Bxf5 24. Qxf5 Rae8 25. Rde1 Ne4 26. Rg1 Qe6 27. Qxd5 Qb6 28. Rxe4 Rxe4 29. Qxe4 Qxb3 30. Rg2 Qxa4 31. Qxb7 Re8 32. Rf2 Re7 33. Qd5 Kh7 34. Ne5 Nxe5 35. dxe5 Qe8 36. Qd3+ Kg8 37. Qxa6 Rxe5 38. Qd3 Re1 39. Qf3 f6 40. Kg2 Qe5 41. Qf5 Qe3 42. Qf4 Qd3 43. h4 Qb1 44. Kh3 h5 45. Qf3 Rh1+ 46. Rh2 Rxh2+ 47. Kxh2 Qxb2+ 48. Kg1 Qd2 49. Kf1 Kf8 50. Qc6 Qd3+ 51. Kf2 Qd2+ 52. Kf3 Qd1+ 53. Kf2 Qd2+ 54. Kf3 Qd1+ 55. Kf2 Qd2+ 1/2-1/2

[Event "AUT-ch"]
[Site "Graz"]
[Date "2017.08.13"]
[Round "2"]
[White "Hiermann, Dietmar"]
[Black "Matosec, Thomas"]
[Result "1-0"]
[WhiteElo "2261"]
[BlackElo "2102"]
[PlyCount "69"]
[EventDate "2017.08.12"]
[EventType "swiss"]
[EventRounds "9"]
[EventCountry "AUT"]
[SourceTitle "CBM 180 Extra"]
[Source "ChessBase"]
[SourceDate "2017.10.06"]
[SourceVersion "1"]
[SourceVersionDate "2017.10.06"]
[SourceQuality "1"]

1. e4 Nf6 2. e5 Nd5 3. d4 d6 4. Bc4 Nb6 5. Bb3 dxe5 6. Qh5 e6 7. dxe5 a5 8. c3 Qd3 9. Qe2 Qxe2+ 10. Nxe2 N8d7 11. f4 g5 12. g3 a4 13. Bc2 Nd5 14. Na3 b6 15. Bd2 Bb7 16. 0-0-0 Bc5 17. Nd4 Nb4 18. cxb4 Bxd4 19. Nb5 Bxh1 20. Rxh1 c5 21. Nc7+ Ke7 22. Nxa8 Rxa8 23. Bxh7 c4 24. a3 g4 25. Be4 Rc8 26. Bc3 Be3+ 27. Kd1 b5 28. Ke2 Bb6 29. h3 f5 30. Bb7 Rh8 31. hxg4 Rxh1 32. Bxh1 fxg4 33. Bc6 Bg1 34. Bxb5 Nb6 35. Bc6 1-0

[Event "St Veit op 36th"]
[Site "St Veit"]
[Date "2017.07.11"]
[Round "5"]
[White "Singer, Christoph"]
[Black "Matosec, Thomas"]
[Result "1-0"]
[WhiteElo "2303"]
[BlackElo "2085"]
[PlyCount "65"]
[EventDate "2017.07.08"]
[EventType "swiss"]
[EventRounds "9"]
[EventCountry "AUT"]
[SourceTitle "EXT 2018"]
[Source "ChessBase"]
[SourceDate "2017.10.13"]
[SourceVersion "1"]
[SourceVersionDate "2017.10.13"]
[SourceQuality "1"]

1. e4 e6 2. d4 d5 3. Nd2 Nf6 4. Ngf3 Nc6 5. c3 Bd6 6. Be2 a5 7. a4 0-0 8. 0-0 e5 9. Qc2 Bg4 10. h3 Bh5 11. Re1 Re8 12. Qb3 Qd7 13. exd5 Ne7 14. c4 c6 15. Ne4 cxd5 16. Nxf6+ gxf6 17. Nxe5 Bxe5 18. Bxh5 Nf5 19. Qd1 Kh8 20. Bg4 Rg8 21. Rxe5 fxe5 22. Qf3 Ra6 23. Bxf5 Rf6 24. Bxd7 Rxf3 25. Be3 exd4 26. Bg4 Rf6 27. Bd2 Rb6 28. Bxa5 Rxb2 29. Bc7 f6 30. Bf5 Ra8 31. a5 Ra6 32. c5 Rc6 33. Bb6 1-0

[Event "Steyr Landesliga 1617"]
[Site "Austria"]
[Date "2017.05.06"]
[Round "11.4"]
[White "Brod, Manfred"]
[Black "Matosec, Thomas"]
[Result "1-0"]
[WhiteElo "2277"]
[BlackElo "2133"]
[PlyCount "51"]
[EventDate "2016.10.01"]
[EventType "team-tourn"]
[EventRounds "11"]
[EventCountry "AUT"]
[SourceTitle "EXT 2018"]
[Source "ChessBase"]
[SourceDate "2017.10.13"]
[SourceVersion "1"]
[SourceVersionDate "2017.10.13"]
[SourceQuality "1"]
[WhiteTeam "Pinggau Friedberg"]
[BlackTeam "Styria"]
[WhiteTeamCountry "AUT"]
[BlackTeamCountry "AUT"]

1. e4 e6 2. d4 d5 3. Nc3 Nf6 4. Bg5 dxe4 5. Nxe4 Be7 6. Bxf6 gxf6 7. Nf3 f5 8. Nc3 a6 9. Be2 Nd7 10. 0-0 b5 11. d5 e5 12. Qd2 Bd6 13. Rfe1 Qf6 14. Bf1 0-0 15. a3 Kh8 16. g3 Rg8 17. Kh1 Bb7 18. Bh3 Nb6 19. b4 e4 20. Qd4 Be7 21. Ne5 Kg7 22. g4 Bd6 23. f4 exf3 24. g5 Bxe5 25. gxf6+ Bxf6 26. Rg1+ 1-0

[Event "Steyr Landesliga 1617"]
[Site "Austria"]
[Date "2016.10.15"]
[Round "2.5"]
[White "Matosec, Thomas"]
[Black "Loebler, Heimo"]
[Result "1/2-1/2"]
[WhiteElo "2133"]
[BlackElo "2174"]
[PlyCount "23"]
[EventDate "2016.10.01"]
[EventType "team-tourn"]
[EventRounds "11"]
[EventCountry "AUT"]
[SourceTitle "CBM 175 Extra"]
[Source "ChessBase"]
[SourceDate "2016.12.12"]
[SourceVersion "1"]
[SourceVersionDate "2016.12.12"]
[SourceQuality "1"]
[WhiteTeam "Styria"]
[BlackTeam "Gamlitz"]
[WhiteTeamCountry "AUT"]
[BlackTeamCountry "AUT"]

1. d4 c5 2. d5 e5 3. e4 d6 4. Ne2 g6 5. Nec3 Bg7 6. Bb5+ Nd7 7. a4 a6 8. Be2 Ne7 9. Nd2 0-0 10. Nc4 Nb6 11. Ne3 f5 12. a5 1/2-1/2

[Event "Steyr Landesliga 1617"]
[Site "Austria"]
[Date "2016.10.01"]
[Round "1.5"]
[White "Nuster, Erwin"]
[Black "Matosec, Thomas"]
[Result "0-1"]
[WhiteElo "2156"]
[BlackElo "2133"]
[PlyCount "86"]
[EventDate "2016.10.01"]
[EventType "team-tourn"]
[EventRounds "11"]
[EventCountry "AUT"]
[SourceTitle "CBM 175 Extra"]
[Source "ChessBase"]
[SourceDate "2016.12.12"]
[SourceVersion "1"]
[SourceVersionDate "2016.12.12"]
[SourceQuality "1"]
[WhiteTeam "Feldbach Kirchberg"]
[BlackTeam "Styria"]
[WhiteTeamCountry "AUT"]
[BlackTeamCountry "AUT"]

1. c4 g6 2. g3 Bg7 3. Bg2 c5 4. Nc3 Nc6 5. Nf3 Nf6 6. 0-0 0-0 7. d4 cxd4 8. Nxd4 d6 9. e3 Bd7 10. b3 a6 11. Bb2 Rb8 12. Qe2 Nxd4 13. exd4 b5 14. Rfe1 Re8 15. c5 e5 16. dxe5 Rxe5 17. Qd2 Rxe1+ 18. Rxe1 dxc5 19. Qd6 Qb6 20. Qf4 Re8 21. Rxe8+ Nxe8 22. Nd5 Qd6 23. Nf6+ Bxf6 24. Qxd6 Nxd6 25. Bxf6 Kf8 26. Kf1 Bf5 27. Ke2 b4 28. Kd2 Be4 29. f3 Bd5 30. Kc2 Ke8 31. Bf1 a5 32. f4 Kd7 33. Kb2 Kc6 34. a3 Ne4 35. Bd8 Nd2 36. Be2 Nxb3 37. Bd1 Nd2 38. Ba4+ Kd6 39. Bb5 c4 40. Bxa5 c3+ 41. Kc2 Be4+ 42. Bd3 b3+ 43. Kxc3 Bxd3 0-1

[Event "Steyr Landesliga 1415"]
[Site "Austria"]
[Date "2015.04.25"]
[Round "11.4"]
[White "Matosec, Thomas"]
[Black "Schnabel, Josef"]
[Result "0-1"]
[WhiteElo "2109"]
[BlackElo "2068"]
[PlyCount "74"]
[EventDate "2014.09.27"]
[EventType "team-tourn"]
[EventRounds "11"]
[EventCountry "AUT"]
[SourceTitle "EXT 2016"]
[Source "ChessBase"]
[SourceDate "2015.10.08"]
[SourceVersion "1"]
[SourceVersionDate "2015.10.08"]
[SourceQuality "1"]
[WhiteTeam "Graz Styria"]
[BlackTeam "Graz Schachamazonen"]
[WhiteTeamCountry "AUT"]
[BlackTeamCountry "AUT"]

1. d4 d5 2. c4 e6 3. Nf3 Nf6 4. g3 Be7 5. Bg2 0-0 6. Qc2 c6 7. 0-0 Nbd7 8. Bf4 Re8 9. Nbd2 Nf8 10. Ne5 Ng6 11. Nxg6 hxg6 12. Rfd1 Bd6 13. Bg5 Be7 14. Rac1 Nd7 15. Bxe7 Qxe7 16. e4 dxe4 17. Nxe4 Nf6 18. Nc3 Bd7 19. Re1 Rad8 20. Qb3 Bc8 21. d5 Qc7 22. Qa4 cxd5 23. cxd5 Qb6 24. Qb5 Qd6 25. dxe6 Bxe6 26. Rcd1 Qc7 27. Rc1 Qb8 28. b3 b6 29. Qg5 Rc8 30. Nb5 Bd7 31. Nd4 Qd6 32. Nb5 Qb4 33. Rxe8+ Rxe8 34. Nc3 Qd4 35. Nd1 Re1+ 36. Bf1 Rxd1 37. Kg2 Rd2 0-1

[Event "Leitersdorf Region-ch"]
[Site "Leitersdorf"]
[Date "2015.01.02"]
[Round "1"]
[White "Amtmann, Franz"]
[Black "Matosec, Thomas"]
[Result "0-1"]
[WhiteElo "1792"]
[BlackElo "2084"]
[PlyCount "102"]
[EventDate "2015.01.02"]
[EventType "swiss"]
[EventRounds "5"]
[EventCountry "AUT"]
[SourceTitle "CBM 164 Extra"]
[Source "ChessBase"]
[SourceDate "2015.03.02"]
[SourceVersion "1"]
[SourceVersionDate "2015.03.02"]
[SourceQuality "1"]

1. e4 e6 2. d4 d5 3. exd5 exd5 4. Nf3 Bd6 5. Nc3 c6 6. Bd3 Ne7 7. Bg5 f6 8. Bh4 Bf5 9. Bg3 Bxd3 10. Qxd3 Na6 11. a3 0-0 12. 0-0 Bxg3 13. fxg3 Qd7 14. Nh4 Rae8 15. Nf5 Nxf5 16. Rxf5 Re7 17. b4 Rfe8 18. Rf4 Re3 19. Qd2 Nc7 20. Raf1 Qe7 21. R4f3 Re6 22. Qf4 Re1 23. Qd2 Re6 24. Qd3 b5 25. Qd2 Na8 26. Qd3 Nb6 27. h4 Nc4 28. Nd1 Re2 29. R3f2 Rxf2 30. Kxf2 a5 31. bxa5 Qxa3 32. Qxa3 Nxa3 33. Ne3 Ra8 34. c3 Rxa5 35. Nf5 Ra7 36. Re1 Kf7 37. Nd6+ Kg6 38. g4 h6 39. Kf3 Nc4 40. Nc8 Rc7 41. Ne7+ Kf7 42. Nf5 Nd2+ 43. Kf4 Ne4 44. Re3 Ra7 45. h5 Ra2 46. Rxe4 dxe4 47. Nd6+ Ke6 48. Nxe4 Rxg2 49. Ng3 Rxg3 50. Kxg3 Kd5 51. Kf4 Kc4 0-1

[Event "AUT-chT2M 1415"]
[Site "Austria"]
[Date "2014.11.16"]
[Round "5.4"]
[White "Kainz, Josef"]
[Black "Matosec, Thomas"]
[Result "1-0"]
[WhiteElo "1925"]
[BlackElo "2092"]
[PlyCount "57"]
[EventDate "2014.10.03"]
[EventType "team-tourn"]
[EventRounds "11"]
[EventCountry "AUT"]
[SourceTitle "CBM 163 Extra"]
[Source "ChessBase"]
[SourceDate "2014.12.23"]
[SourceVersion "1"]
[SourceVersionDate "2014.12.23"]
[SourceQuality "1"]
[WhiteTeam "Graz Strassenbahn"]
[BlackTeam "Graz Styria"]
[WhiteTeamCountry "AUT"]
[BlackTeamCountry "AUT"]

1. d4 d5 2. Nf3 c6 3. c4 e6 4. Nc3 dxc4 5. a4 Bb4 6. e3 b5 7. Ne5 Nf6 8. Bd2 a5 9. Qf3 Bxc3 10. bxc3 Qd5 11. Be2 Qxf3 12. Bxf3 Nd5 13. e4 Ne7 14. 0-0 f6 15. Ng4 0-0 16. Ne3 Ra7 17. Rfb1 Bd7 18. d5 cxd5 19. axb5 dxe4 20. Bxe4 Rc8 21. b6 Ra6 22. Bb7 Rc5 23. Bxa6 Nxa6 24. b7 Nb8 25. Bc1 Nec6 26. Ba3 Rd5 27. Nxd5 exd5 28. Bd6 Bf5 29. Rb6 1-0